MARC details
| 000 -LEADER |
| campo de control de longitud fija |
01931nkc a2200301za 4500 |
| 001 - NÚMERO DE CONTROL |
| campo de control |
84538 |
| 003 - IDENTIFICADOR DE NÚMERO DE CONTROL |
| campo de control |
OSt |
| 005 - FECHA Y HORA DE LA ÚLTIMA TRANSACCIÓN |
| campo de control |
20260421113949.0 |
| 007 - CAMPO FIJO DE DESCRIPCIÓN FÍSICA--INFORMACIÓN GENERAL |
| campo de control de longitud fija |
kh boc |
| 008 - DATOS DE LONGITUD FIJA--INFORMACIÓN GENERAL |
| campo de control de longitud fija |
250410s19001909sp ||||| ||||||0| i|spa d |
| 040 ## - FUENTE DE CATALOGACIÓN |
| Centro/agencia transcriptor |
M-RABA |
| Centro catalogador/agencia de origen |
M-RABA |
| Lengua de catalogación |
spa |
| 100 ## - ENTRADA PRINCIPAL--NOMBRE DE PERSONA |
| Nombre de persona |
Vidal Fernández, Eduardo |
| Fechas asociadas al nombre |
(1867-1920) |
| 9 (RLIN) |
111180 |
| 245 11 - MENCIÓN DEL TÍTULO |
| Título |
[Torre mudéjar del Salvador |
| Resto del título |
: Teruel] |
| Mención de responsabilidad, etc. |
/ Eduardo Vidal Fernández |
| Medio |
[Material gráfico] |
| 260 ## - PUBLICACIÓN, DISTRIBUCIÓN, ETC. |
| Lugar de publicación, distribución, etc. |
Calatayud |
| Nombre del editor, distribuidor, etc. |
; Encuentro, 4. E. Vidal |
| Fecha de publicación, distribución, etc. |
, [1900 - 1909] |
| 300 ## - DESCRIPCIÓN FÍSICA |
| Extensión |
2 fotografías |
| Otras características físicas |
: gelatina |
| Dimensiones |
; imagen 16,5 x 22,5 cm |
| -- |
; soporte secundario 24 x 33 cm |
| 500 ## - NOTA GENERAL |
| Nota general |
Conjunto de dos fotografías que representan vistas de la torre de El Salvador, en Teruel, desde diferentes calles y ángulos. |
| 500 ## - NOTA GENERAL |
| Nota general |
Montadas sobre soporte secundario de cartón, con orla y sello gofrados en relieve. En la parte inferior aparece el sello del fotógrafo y la localización del estudio en dorado. |
| 500 ## - NOTA GENERAL |
| Nota general |
Al pie, sobre el soporte "E. Vidal, Encuentro, 4, Calatayud" |
| 500 ## - NOTA GENERAL |
| Nota general |
Las fotografías presentan un cierto desvanecimiento y decoloración de la imagen. |
| 500 ## - NOTA GENERAL |
| Nota general |
Fechas tomadas del periodo del estudio que tuvo abierto en Calatayud. Información obtenida de Pérez Sánchez, A. (2013), “Zoom a los fotógrafos de Teruel”, Teruel en el cambio de siglo. Fotografía de Jaime Fernández Fuertes (1852-1928), Instituto de Estudios Turolenses. Teruel. |
| 610 27 - PUNTO DE ACCESO ADICIONAL DE MATERIA--NOMBRE DE ENTIDAD CORPORATIVA |
| Nombre de entidad corporativa o nombre de jurisdicción como elemento de entrada |
Torre de San Salvador ( |
| Sede del congreso/Lugar de la reunión |
Teruel, España) |
| 9 (RLIN) |
10153 |
| 651 #7 - PUNTO DE ACCESO ADICIONAL DE MATERIA--NOMBRE GEOGRÁFICO |
| Nombre geográfico |
Teruel |
| Fuente del encabezamiento o término |
embne |
| 9 (RLIN) |
75543 |
| 655 #0 - TERMINO DE INDIZACIÓN--GENERO/FORMA |
| Datos o término principal de género/forma |
Fotografías de monumentos |
| 9 (RLIN) |
111580 |
| 852 ## - LOCALIZACIÓN |
| Número de control de estantería |
Fot-594 ; Fot-595 |
| 856 ## - LOCALIZACIÓN Y ACCESO ELECTRÓNICOS |
| Materiales especificados |
Fot-594 |
| Identificador Uniforme de Recurso |
<a href="https://archivoybiblioteca.realacademiabellasartessanfernando.com/cgi-bin/koha/opac-retrieve-file.pl?id=72936a84696c288ad0425bc90002f03c">https://archivoybiblioteca.realacademiabellasartessanfernando.com/cgi-bin/koha/opac-retrieve-file.pl?id=72936a84696c288ad0425bc90002f03c</a> |
| 856 ## - LOCALIZACIÓN Y ACCESO ELECTRÓNICOS |
| Materiales especificados |
Fot-595 |
| Identificador Uniforme de Recurso |
<a href="https://archivoybiblioteca.realacademiabellasartessanfernando.com/cgi-bin/koha/opac-retrieve-file.pl?id=42708bc59f5275867b3b625837546fab">https://archivoybiblioteca.realacademiabellasartessanfernando.com/cgi-bin/koha/opac-retrieve-file.pl?id=42708bc59f5275867b3b625837546fab</a> |
| 942 ## - ELEMENTOS DE ENTRADA SECUNDARIOS (KOHA) |
| Fuente de la clasificación o esquema de estantería |
Clasificación Decimal Dewey |
| Tipo de ítem Koha |
Fotografías |
| Suprimir en OPAC |
No |